000 00283nam a2200097Ia 4500
001 1206656
005 20251017105010.0
008 250824s9999 xx 000 0 und d
245 0 _aKUYRUKLU YILDIZ ALTINDA BİR İZDİVAÇ
_cHÜSEYİN RAHMİ GÜRPINAR
260 _bANONİM YAYINCILIK
999 _c1206656
_d1206656